000 00429nam a2200157Ia 4500
999 _c12211
_d12211
003 OSt
005 20201005113507.0
008 190216s9999||||xx |||||||||||||| ||und||
040 _coclc
082 _a823.8
_bELI/A
100 _aEliot, George
_94709
245 0 _aAdam Bede /
_cGeorge Eliot
260 _bOrient Longman,
_c1968.
_aMadras:
300 _a135p
942 _cBK
_2ddc
_h823.8
_iELI/A
_k823.8
_mELI/A